Lil Peep - Lil Poop - Statistics

General Stats
  • This quiz has been taken 114 times
  • The average score is 69 of 229
Answer Stats
Answer % Correct
poop
99%
lil
75%
i
68%
a
60%
the
52%
Shit
35%
on
30%
in
21%
when
18%
yeah
16%
im
14%
for
13%
Oh
12%
that
12%
shitting
9%
yall
9%
ay
8%
damn
8%
goop
8%
take
8%
ah
6%
with
5%
blunt
4%
boy
4%
dip
4%
dippin
4%
saving
4%
blood
3%
coupe
3%
flush
3%
make
3%
up
3%
wipe
3%
group
1%
pulling
1%
say
1%
swear
1%
telling
1%
truth
1%
No matching quizzes found
Score Distribution
Percent of People with Each Score
Percentile by Number Answered
Your Score History
You have not taken this quiz